Obras escogidas de Frey Lope félix de Vega Carpio

Enregistré dans:
Détails bibliographiques
Collectivité auteur: Biblioteca de autores españoles
Format: Livre
Langue:Undetermined
Publié: Madrid, España Rivadeneyra 1857
Sujets:
Tags: Ajouter un tag
Pas de tags, Soyez le premier à ajouter un tag!

MARC

LEADER 00000nam a2200000Ia 4500
008 170316s9999 xx 000 0 und d
110 |a Biblioteca de autores españoles 
245 |a Obras escogidas de Frey Lope félix de Vega Carpio 
260 |a Madrid, España 
260 |b Rivadeneyra 
260 |c 1857 
300 |a 650 páginas Tomo III Vol. 41. 
650 |a REFERENCIA 
650 |a ENCICLOPEDIA 
999 |c 30199  |d 30199 
040 |a cru BVZT 
942 |c 15 D  |2 z